=LDR 00000nam 2200000 4500 =001 INLIS000000000810426 =005 20251209091929 =035 ##$$a 0010-1225000064 =007 ta =008 251209###########################0###### =082 ##$$a 297.09 =084 ##$$a 297.09 ABD t =245 ##$$a Tinta Emas Sejarah Sejak Nabi Adam Hingga Abad 14 H /$c Rachmad Abdullah =250 ##$$a Cet. 1 =260 ##$:$b Al-Wafi Publishing,$c 2017 =300 ##$$a 658 halaman ; $c 24 cm